[Event "33rd Zalakaros Open 2014"]
[Site "Zalakaros HUN"]
[Date "2014.05.28"]
[Round "6.7"]
[White "Czebe, Attila"]
[Black "Papp, Gabor1"]
[Result "1/2-1/2"]
[WhiteTitle "GM"]
[BlackTitle "GM"]
[WhiteElo "2409"]
[BlackElo "2580"]
[WhiteFideId "705268"]
[BlackFideId "718602"]
[EventDate "2014.05.23"]

1. Nf3 Nf6 2. g3 d5 3. Bg2 c5 4. O-O e6 5. d4 cxd4 6. Nxd4 e5 7. Nb3 Be6 8. Bg5
Nbd7 9. e4 dxe4 10. Nc3 Be7 11. Nxe4 Nxe4 12. Bxe7 Qxe7 13. Bxe4 Nf6 14. Bg2 O-O
15. Re1 Qc7 16. Qe2 Nd7 17. Rad1 Rfe8 18. Qe3 a5 19. Rd3 Qxc2 20. Rc3 Qxb2 21.
Re2 Qa3 22. Nc5 Qb4 23. Nxe6 Rxe6 24. Rb3 Qc5 25. Rxb7 Qxe3 26. Rxe3 Nf6 27.
Rxf7 Kxf7 28. Bxa8 e4 29. h3 g5 30. Rc3 Kg6 31. a4 Re5 32. Bb7 h5 33. Kf1 h4 34.
g4 Nd5 35. Bxd5 Rxd5 36. Rc4 Rd3 37. Rxe4 Rxh3 38. Re6+ Kf7 39. Re5 Kg6 40. Rxa5
Ra3 41. Kg2 Kh6 42. Ra6+ Kg7 1/2-1/2

[Event "33rd Zalakaros Open 2014"]
[Site "Zalakaros HUN"]
[Date "2014.05.28"]
[Round "6.8"]
[White "Gonda, Laszlo"]
[Black "Baumegger, Siegfried"]
[Result "1/2-1/2"]
[WhiteTitle "GM"]
[BlackTitle "IM"]
[WhiteElo "2563"]
[BlackElo "2469"]
[WhiteFideId "720852"]
[BlackFideId "1602829"]
[EventDate "2014.05.23"]

1. Nf3 c5 2. c4 g6 3. e4 Bg7 4. d4 cxd4 5. Nxd4 Nc6 6. Be3 Nf6 7. Nc3 O-O 8. Be2
d6 9. O-O Bd7 10. Qd2 Nxd4 11. Bxd4 Bc6 12. f3 a5 13. b3 Nd7 14. Bf2 Nc5 15.
Rab1 e6 16. Bd1 Qf6 17. Ne2 Rfd8 18. a3 Be8 19. b4 axb4 20. axb4 Na4 21. Bd4 Qe7
22. Bxg7 Kxg7 23. f4 h6 24. Bb3 Kh7 25. f5 Nb6 26. Rf3 Nd7 27. Rh3 Qf8 28. Rf1
Qg7 29. Nd4 Nc5 30. Qe3 e5 31. Ne2 Nxb3 32. Qxb3 g5 33. Nc3 f6 34. Rd3 Rac8 35.
Rfd1 Bf7 36. Nd5 Bxd5 37. Rxd5 Qc7 38. c5 dxc5 39. bxc5 Rxd5 40. Rxd5 Qc6 41. h3
Rc7 42. Kh2 Rg7 43. Qb6 g4 44. hxg4 Rxg4 45. Qd8 Rg7 46. Qf8 Qa6 47. Rd8 Rxg2+
48. Kxg2 1/2-1/2

[Event "33rd Zalakaros Open 2014"]
[Site "Zalakaros HUN"]
[Date "2014.05.28"]
[Round "6.9"]
[White "Grigoriants, Sergey"]
[Black "Korpa, Bence"]
[Result "1/2-1/2"]
[WhiteTitle "GM"]
[BlackTitle "FM"]
[WhiteElo "2595"]
[BlackElo "2415"]
[WhiteFideId "4130804"]
[BlackFideId "706671"]
[EventDate "2014.05.23"]

1. e4 c5 2. Nf3 e6 3. d4 cxd4 4. Nxd4 Nc6 5. Nc3 Qc7 6. Be3 Nf6 7. a3 Be7 8. Nb3
a6 9. f4 d6 10. g4 h6 11. h4 Na5 12. Nxa5 Qxa5 13. Bg2 h5 14. gxh5 Bd7 15. Bf3 1/2-1/2

[Event "33rd Zalakaros Open 2014"]
[Site "Zalakaros HUN"]
[Date "2014.05.28"]
[Round "6.10"]
[White "Antal, Gergely"]
[Black "Sean, Winshand Cuhendi"]
[Result "1-0"]
[WhiteTitle "GM"]
[BlackTitle "FM"]
[WhiteElo "2529"]
[BlackElo "2385"]
[WhiteFideId "717312"]
[BlackFideId "7101554"]
[EventDate "2014.05.23"]

1. e4 c5 2. Nf3 e6 3. b3 a6 4. Bb2 d6 5. c4 Nf6 6. Nc3 Be7 7. d4 cxd4 8. Nxd4 b6
9. g3 Bb7 10. Bg2 Qc7 11. Rc1 O-O 12. O-O Nbd7 13. f4 Rac8 14. Re1 Ba8 15. Rc2
Rfd8 16. g4 g6 17. g5 Nh5 18. Qg4 Nxf4 19. Nd5 exd5 20. exd5 Ne5 21. Qxf4 Nd3
22. Qe4 Nxe1 23. Ne6 Nxc2 24. Nxc7 Rxc7 25. h4 Nb4 26. Qd4 f6 27. gxf6 Bf8 28.
Qxb6 1-0

[Event "33rd Zalakaros Open 2014"]
[Site "Zalakaros HUN"]
[Date "2014.05.28"]
[Round "6.11"]
[White "Horvath, Jozsef1"]
[Black "Nagy, Gabor1"]
[Result "1-0"]
[WhiteTitle "GM"]
[BlackTitle "IM"]
[WhiteElo "2507"]
[BlackElo "2438"]
[WhiteFideId "700061"]
[BlackFideId "737119"]
[EventDate "2014.05.23"]

1. Nf3 Nf6 2. c4 g6 3. Nc3 Bg7 4. g3 O-O 5. Bg2 d6 6. O-O Nc6 7. d3 e5 8. Rb1 a5
9. a3 Nh5 10. b4 axb4 11. axb4 f5 12. b5 Ne7 13. Qb3 h6 14. c5+ Kh7 15. Ba3 d5
16. c6 bxc6 17. bxc6 d4 18. Nb5 Bf6 19. Ra1 Rb8 20. Qa4 Be6 21. Bd6 cxd6 22. c7
Qd7 23. cxb8=Q Rxb8 24. Rfb1 e4 25. Nfxd4 Bxd4 26. Qxd4 Rxb5 27. Rxb5 Qxb5 28.
Ra7 1-0

[Event "33rd Zalakaros Open 2014"]
[Site "Zalakaros HUN"]
[Date "2014.05.28"]
[Round "6.12"]
[White "Gledura, Benjamin"]
[Black "Fodor, Tamas Jr."]
[Result "1/2-1/2"]
[WhiteTitle "FM"]
[BlackTitle "GM"]
[WhiteElo "2395"]
[BlackElo "2462"]
[WhiteFideId "712779"]
[BlackFideId "723762"]
[EventDate "2014.05.23"]

1. d4 d5 2. c4 c6 3. Nf3 Nf6 4. Nc3 e6 5. e3 Nbd7 6. Qc2 Bd6 7. Bd3 dxc4 8. Bxc4
b5 9. Be2 Bb7 10. O-O O-O 11. e4 e5 12. dxe5 Nxe5 13. Nd4 Neg4 14. g3 Bc5 15.
Nf5 Re8 16. Bf4 Ne5 17. Rad1 Qb6 18. Kg2 Bb4 19. f3 a6 20. Qb3 Bf8 21. Nd6 1/2-1/2

[Event "33rd Zalakaros Open 2014"]
[Site "Zalakaros HUN"]
[Date "2014.05.28"]
[Round "6.13"]
[White "Banusz, Tamas"]
[Black "Radnai, Adam"]
[Result "1-0"]
[WhiteTitle "GM"]
[BlackTitle "FM"]
[WhiteElo "2609"]
[BlackElo "2329"]
[WhiteFideId "722413"]
[BlackFideId "726702"]
[EventDate "2014.05.23"]

1. c4 g6 2. Nf3 Bg7 3. d4 Nf6 4. g3 O-O 5. Bg2 d6 6. O-O Nc6 7. Nc3 a6 8. Bf4
Bd7 9. Rc1 Re8 10. Qd2 Qc8 11. d5 Na7 12. Rfe1 Bh3 13. Bh1 c5 14. e4 Nh5 15. Bh6
Bg4 16. Bxg7 Nxg7 17. Nh4 b5 18. e5 Nf5 19. f3 Nxh4 20. fxg4 Qxg4 21. Re4 Nf3+
22. Bxf3 Qxf3 23. Rh4 Qf5 24. Re1 g5 25. Rhe4 Rf8 26. exd6 exd6 27. Re7 Nc8 28.
Rb7 bxc4 29. Ne4 h6 30. Qc3 Kh7 31. Nf6+ Kg6 32. Rf1 Qd3 33. Nd7 1-0

[Event "33rd Zalakaros Open 2014"]
[Site "Zalakaros HUN"]
[Date "2014.05.28"]
[Round "6.14"]
[White "Rapport, Richard"]
[Black "Balazs, Gabor2"]
[Result "1-0"]
[WhiteTitle "GM"]
[WhiteElo "2701"]
[BlackElo "2397"]
[WhiteFideId "738590"]
[BlackFideId "731374"]
[EventDate "2014.05.23"]

1. e4 c5 2. Nf3 e6 3. b4 cxb4 4. a3 d5 5. e5 Nc6 6. axb4 Bxb4 7. c3 Be7 8. d4
Nh6 9. Bxh6 gxh6 10. Bd3 Bd7 11. O-O Rc8 12. Nfd2 Qb6 13. Ra2 a6 14. Qg4 Bf8 15.
Kh1 Ne7 16. h4 Rg8 17. Qf3 Nf5 18. g3 Qd8 19. Qh5 Rc6 20. Kh2 Rb6 21. Re1 Be7
22. Nf1 Qc8 23. Ne3 Nxe3 24. fxe3 Kd8 25. Rf2 Be8 26. Qxh6 Kc7 27. Bxh7 Rf8 28.
Bd3 Kb8 29. Qh7 a5 30. h5 a4 31. h6 a3 32. Qg7 Bb5 33. Bxb5 Rxb5 34. h7 Ra5 35.
Ree2 Rb5 36. Re1 Ra5 37. Nxa3 Rxa3 38. Rxf7 Ra2+ 39. Kh3 Qxc3 40. Rxf8+ 1-0

[Event "33rd Zalakaros Open 2014"]
[Site "Zalakaros HUN"]
[Date "2014.05.28"]
[Round "6.15"]
[White "Antal, Tibor Kende"]
[Black "Donchenko, Alexander"]
[Result "0-1"]
[WhiteTitle "FM"]
[BlackTitle "IM"]
[WhiteElo "2357"]
[BlackElo "2498"]
[WhiteFideId "738581"]
[BlackFideId "24603295"]
[EventDate "2014.05.23"]

1. e4 c5 2. Nf3 d6 3. d4 cxd4 4. Nxd4 Nf6 5. Nc3 a6 6. Bg5 e6 7. f4 h6 8. Bh4
Be7 9. Qf3 Nbd7 10. O-O-O Qc7 11. Be2 b5 12. Ncxb5 axb5 13. Nxb5 Qb8 14. e5 Bb7
15. Qc3 Nd5 16. Rxd5 Bxd5 17. Nc7+ Kf8 18. Bxe7+ Kxe7 19. exd6+ Kxd6 20. Nxa8
Qxa8 21. Rd1 Rc8 22. Qb4+ Rc5 23. Bb5 Nb8 24. c4 Nc6 25. Qb3 Ke7 26. Kb1 Bxg2
27. Qd3 Rf5 28. c5 Rd5 29. Qb3 Nd4 30. Qb4 Nxb5 31. Rxd5 Qxd5 32. a4 Qd1+ 0-1

[Event "33rd Zalakaros Open 2014"]
[Site "Zalakaros HUN"]
[Date "2014.05.28"]
[Round "6.16"]
[White "Ekdyshman, Mikhail"]
[Black "Nemeth, Miklos1"]
[Result "0-1"]
[WhiteTitle "IM"]
[BlackTitle "IM"]
[WhiteElo "2351"]
[BlackElo "2492"]
[WhiteFideId "4149416"]
[BlackFideId "720232"]
[EventDate "2014.05.23"]

1. d4 Nf6 2. Nc3 d5 3. Bg5 Nbd7 4. f3 c6 5. e4 dxe4 6. fxe4 Qa5 7. Qd2 e5 8.
dxe5 Nxe5 9. Bxf6 gxf6 10. Bd3 Ng4 11. Nge2 Bc5 12. Nd1 Qb6 13. Qf4 Be6 14. h3
Ne3 15. Nxe3 Bxe3 16. Qxf6 Rg8 17. g3 Rd8 18. Kf1 c5 19. e5 Qxb2 20. Re1 Rd5 21.
Nf4 Bxf4 22. Qxf4 Rd4 23. Qf2 Qxa2 24. Bxh7 Rg5 25. Rh2 Qd5 26. Qe3 Rh5 27. Be4
Qd7 28. h4 b6 29. Qf3 Bg4 30. Qf6 Rxe4 31. Rxe4 Rf5+ 32. Rf2 Qd1+ 33. Kg2 Bf3+
34. Rxf3 Qxf3+ 0-1

[Event "33rd Zalakaros Open 2014"]
[Site "Zalakaros HUN"]
[Date "2014.05.28"]
[Round "6.17"]
[White "Berczes, David"]
[Black "Madl, Ildiko"]
[Result "1-0"]
[WhiteTitle "GM"]
[BlackTitle "IM"]
[WhiteElo "2482"]
[BlackElo "2328"]
[WhiteFideId "722960"]
[BlackFideId "700550"]
[EventDate "2014.05.23"]

1. d4 d5 2. Bf4 Nf6 3. e3 c5 4. c3 Nc6 5. Nd2 e6 6. Ngf3 Bd6 7. Bg3 O-O 8. Bd3
Re8 9. Ne5 Qc7 10. f4 Rb8 11. Bh4 Be7 12. O-O b5 13. b4 cxb4 14. cxb4 Nxb4 15.
Rc1 Qa5 16. Bxf6 Bxf6 17. Bxh7+ Kf8 18. Nb3 Qxa2 19. Qh5 g6 20. Bxg6 Qxb3 21.
Qh7 Qxe3+ 22. Kh1 Bg7 23. Bxf7 Bd7 24. Qg8+ Ke7 25. Qxg7 1-0

[Event "33rd Zalakaros Open 2014"]
[Site "Zalakaros HUN"]
[Date "2014.05.28"]
[Round "6.18"]
[White "To, Nhat Minh"]
[Black "Romanishin, Oleg M"]
[Result "1/2-1/2"]
[WhiteTitle "IM"]
[BlackTitle "GM"]
[WhiteElo "2329"]
[BlackElo "2482"]
[WhiteFideId "729019"]
[BlackFideId "14100088"]
[EventDate "2014.05.23"]

1. d4 Nf6 2. c4 d6 3. Nc3 Bf5 4. f3 e5 5. d5 e4 6. g4 Nxg4 7. fxg4 Qh4+ 8. Kd2
e3+ 9. Kxe3 Qg5+ 10. Kf2 Qh4+ 11. Ke3 Qg5+ 12. Kf2 Qh4+ 1/2-1/2

[Event "33rd Zalakaros Open 2014"]
[Site "Zalakaros HUN"]
[Date "2014.05.28"]
[Round "6.20"]
[White "Bokros, Albert"]
[Black "Havasi, Gergo"]
[Result "1-0"]
[WhiteTitle "IM"]
[WhiteElo "2461"]
[BlackElo "2302"]
[WhiteFideId "710458"]
[BlackFideId "760293"]
[EventDate "2014.05.23"]

1. e4 c5 2. Nf3 d6 3. Bb5+ Nd7 4. O-O a6 5. Bxd7+ Bxd7 6. d4 cxd4 7. Qxd4 Rc8 8.
Nc3 e5 9. Qd3 h6 10. Rd1 Nf6 11. Be3 Qc7 12. h3 Be7 13. a4 Be6 14. Nh4 Qc6 15.
Nf5 Bxf5 16. exf5 O-O 17. f4 Rfe8 18. Rd2 Bf8 19. Rf1 Rc7 20. Kh2 Qc4 21. g4
Qxd3 22. cxd3 Rc6 23. Rg2 Nd7 24. d4 exf4 25. Bxf4 Rc4 26. Rd1 Nb6 27. a5 Nd7
28. h4 Rb4 29. g5 h5 30. Nd5 Rc4 31. f6 g6 32. Kg3 Ra4 33. b4 Ra3+ 34. Kh2 Nb8
35. Rdd2 Nc6 36. Rge2 Rd8 37. Be3 Rb3 38. Rb2 Rxb2 39. Rxb2 Re8 40. Bf2 Re4 41.
Rd2 Re8 42. Kg2 Na7 43. Nc7 Rc8 44. d5 Nc6 45. dxc6 Rxc7 46. b5 bxc6 47. b6 Rb7
48. Rc2 c5 49. Rd2 Rb8 50. Bg3 c4 51. Kf3 Re8 52. Bxd6 c3 53. Rd3 Rd8 54. b7
Bxd6 55. Rxd6 Rb8 56. Ke2 Rxb7 57. Kd3 Rc7 58. Kc2 Rc4 59. Rxa6 Rxh4 60. Ra8+
Kh7 61. Rf8 Rh2+ 62. Kxc3 Rh3+ 63. Kd4 Rh4+ 64. Kc5 Rg4 65. Rxf7+ Kh8 66. a6
Rxg5+ 67. Kb6 Rg1 68. a7 Rb1+ 69. Kc5 Rc1+ 70. Kd4 Rd1+ 71. Ke3 Re1+ 72. Kf4
Rf1+ 73. Kg5 Ra1 74. Rb7 Ra4 75. Kxg6 Rg4+ 76. Kh6 1-0

[Event "33rd Zalakaros Open 2014"]
[Site "Zalakaros HUN"]
[Date "2014.05.28"]
[Round "6.21"]
[White "Vegh, Endre"]
[Black "Petenyi, Tamas"]
[Result "1/2-1/2"]
[WhiteTitle "IM"]
[BlackTitle "IM"]
[WhiteElo "2293"]
[BlackElo "2448"]
[WhiteFideId "700568"]
[BlackFideId "14909090"]
[EventDate "2014.05.23"]

1. d4 Nf6 2. c4 Nc6 3. Nf3 e6 4. Nc3 d6 5. e4 g6 6. Bg5 h6 7. Bf4 Bg7 8. Qd2 g5
9. Be3 Ng4 10. O-O-O Nxe3 11. fxe3 Bd7 12. Kb1 Qe7 13. Nb5 O-O-O 14. d5 Ne5 15.
Nxa7+ Kb8 16. Nb5 Bxb5 17. cxb5 exd5 18. Nxe5 Qxe5 19. exd5 Rhe8 20. Bc4 Qe4+
21. Qc2 Qxe3 22. a4 Re4 23. Rc1 Rd7 24. a5 Rde7 25. Rhd1 Qc5 26. Qb3 Rd4 27.
Rxd4 Qxd4 28. b6 cxb6 29. axb6 Re3 30. Qb5 Qd2 31. Bf1 Re1 32. Rxe1 Qxe1+ 33.
Ka2 Qe5 34. g4 Bf6 35. Bc4 Kc8 36. Bd3 Kd8 37. Bf5 Qe8 38. Qxe8+ Kxe8 39. Bc8
Bd4 40. Bxb7 Bxb6 41. Kb3 Bd4 42. Kc2 Kd8 1/2-1/2

[Event "33rd Zalakaros Open 2014"]
[Site "Zalakaros HUN"]
[Date "2014.05.28"]
[Round "6.22"]
[White "Seres, Lajos"]
[Black "Goczo, Melinda"]
[Result "1-0"]
[WhiteTitle "GM"]
[BlackTitle "WIM"]
[WhiteElo "2435"]
[BlackElo "2229"]
[WhiteFideId "701254"]
[BlackFideId "711985"]
[EventDate "2014.05.23"]

1. d4 Nf6 2. c4 e6 3. g3 Bb4+ 4. Bd2 c5 5. Bxb4 cxb4 6. Bg2 O-O 7. Nf3 d6 8. O-O
Re8 9. a3 Na6 10. Qb3 Qb6 11. Nbd2 Nd7 12. Rfc1 Rb8 13. Ne4 e5 14. c5 dxc5 15.
Nfg5 Re7 16. Nxf7 Qe6 17. Qxe6 Rxe6 18. Nfg5 bxa3 19. Rxa3 Rb6 20. Nxc5 Naxc5
21. dxc5 Rxb2 22. Bd5+ Kf8 23. Nxh7+ Ke7 24. Rxa7 Rxe2 25. Ng5 Rd2 26. Bf3 Rd3
27. Kg2 Rb3 28. Ne4 Rb5 29. h4 Kf8 30. g4 Ke7 31. h5 Kd8 32. g5 Nf8 33. Nd6 Rb4
34. c6 bxc6 35. Nf7+ Ke8 36. Bxc6+ 1-0

[Event "33rd Zalakaros Open 2014"]
[Site "Zalakaros HUN"]
[Date "2014.05.28"]
[Round "6.23"]
[White "Tesik, Csaba"]
[Black "Almasi, Istvan"]
[Result "1/2-1/2"]
[WhiteTitle "FM"]
[BlackTitle "IM"]
[WhiteElo "2329"]
[BlackElo "2403"]
[WhiteFideId "735582"]
[BlackFideId "701742"]
[EventDate "2014.05.23"]

1. e4 e6 2. d4 d5 3. Nc3 Bb4 4. exd5 exd5 5. Bd3 Nc6 6. a3 Bxc3+ 7. bxc3 Qf6 8.
Rb1 Nge7 9. Ne2 Ng6 10. O-O O-O 11. Be3 Nce7 12. Qd2 h6 13. c4 dxc4 14. Bxc4 b6
15. Bd3 Bb7 16. Nf4 Nh4 17. f3 Nef5 18. Be4 Rae8 19. Bxf5 Nxf5 20. Bf2 Rd8 21.
c3 c5 22. Nh5 Qg6 23. Ng3 Nxg3 24. hxg3 cxd4 25. cxd4 h5 26. Qf4 Rc8 27. Rbc1
Qd3 28. Rcd1 Qb3 29. Qg5 Qd5 30. Qd2 Rc7 31. Rfe1 Rfc8 32. Re5 Qb3 33. d5 Qxd1+
34. Qxd1 Rc1 35. Qxc1 Rxc1+ 36. Kh2 Rd1 37. Re7 Bxd5 38. Rxa7 b5 39. Rd7 Bxf3
40. Rxd1 Bxd1 41. Bd4 Kh7 42. Kg1 g5 43. Kf2 Kg6 44. Bc3 Kf5 45. Bd2 Kg4 46. Bb4
Bb3 47. Be7 f5 48. Bd6 Bd5 49. Bc7 h4 50. gxh4 Kxh4 51. g3+ Kh3 52. Kg1 Kg4 53.
Kf2 1/2-1/2

[Event "33rd Zalakaros Open 2014"]
[Site "Zalakaros HUN"]
[Date "2014.05.28"]
[Round "6.24"]
[White "Papp, Petra"]
[Black "Hoang, Thanh Trang"]
[Result "0-1"]
[WhiteTitle "WGM"]
[BlackTitle "GM"]
[WhiteElo "2292"]
[BlackElo "2509"]
[WhiteFideId "739049"]
[BlackFideId "12400149"]
[EventDate "2014.05.23"]

1. e4 e6 2. d4 d5 3. Nc3 Nf6 4. e5 Nfd7 5. f4 c5 6. Nf3 Nc6 7. Be3 a6 8. Qd2 b5
9. Nd1 b4 10. Be2 Be7 11. O-O O-O 12. c3 a5 13. Nf2 Ba6 14. Nd3 bxc3 15. Qxc3
cxd4 16. Nxd4 Nxd4 17. Bxd4 Rc8 18. Qd2 Bxd3 19. Qxd3 Bc5 20. Bxc5 Rxc5 21. Qd4
Qb6 22. b3 Rfc8 23. Bd3 R8c6 24. Qf2 g6 25. Rad1 Qb4 26. Rde1 Rc3 27. Bb1 Kg7
28. Kh1 Qc5 29. Qh4 Re3 30. Rd1 Re2 31. Qg4 Rf2 32. Qg3 Rxf1+ 33. Rxf1 Qd4 34.
h3 Rc3 35. Qg5 Qe3 36. Kh2 d4 37. Rf3 Qe1 38. Bd3 Qd2 39. Qg3 Qxa2 40. f5 exf5
41. e6 Nf6 42. exf7 Qxb3 43. Rxf5 Qxf7 44. Rb5 a4 45. Rb4 Qa7 46. Qf3 Rb3 47.
Rc4 a3 48. Qf4 Rc3 49. Rxd4 a2 50. Ra4 a1=Q 0-1

[Event "33rd Zalakaros Open 2014"]
[Site "Zalakaros HUN"]
[Date "2014.05.28"]
[Round "6.25"]
[White "Tolnai, Tibor"]
[Black "Szalanczy, Emil"]
[Result "1/2-1/2"]
[WhiteTitle "GM"]
[BlackTitle "IM"]
[WhiteElo "2469"]
[BlackElo "2266"]
[WhiteFideId "700126"]
[BlackFideId "700347"]
[EventDate "2014.05.23"]

1. e4 e5 2. Nf3 Nc6 3. Bb5 a6 4. Ba4 Nf6 5. O-O Be7 6. Re1 b5 7. Bb3 d6 8. c3
O-O 9. h3 h6 10. d4 Re8 11. Nbd2 Bf8 12. Bc2 Bb7 13. a4 d5 14. axb5 1/2-1/2

[Event "33rd Zalakaros Open 2014"]
[Site "Zalakaros HUN"]
[Date "2014.05.28"]
[Round "6.26"]
[White "Csonka, Balazs"]
[Black "Maroroa, Sue"]
[Result "1-0"]
[WhiteTitle "FM"]
[BlackTitle "WIM"]
[WhiteElo "2361"]
[BlackElo "2131"]
[WhiteFideId "742910"]
[BlackFideId "4301498"]
[EventDate "2014.05.23"]

1. d4 Nf6 2. Bg5 e6 3. Nd2 d5 4. e3 h6 5. Bh4 Nbd7 6. Ngf3 g5 7. Bg3 Nh5 8. Be5
Nxe5 9. Nxe5 Nf6 10. f4 gxf4 11. exf4 Rg8 12. Qf3 Nd7 13. O-O-O Nxe5 14. fxe5
Qg5 15. Qb3 Qf4 16. Qc3 c5 17. Bb5+ Bd7 18. Bxd7+ Kxd7 19. Qb3 Kc6 20. Qa4+ Kc7
21. Rdf1 Qe3 22. Rxf7+ Kb6 23. Qd7 Rxg2 24. Qxb7+ Ka5 25. Rd1 Rxd2 26. Rxd2 Qe1+
27. Rd1 1-0

[Event "33rd Zalakaros Open 2014"]
[Site "Zalakaros HUN"]
[Date "2014.05.28"]
[Round "6.27"]
[White "Gara, Anita"]
[Black "Peczely, Sebastian Zsombor"]
[Result "1-0"]
[WhiteTitle "IM"]
[WhiteElo "2326"]
[BlackElo "2200"]
[WhiteFideId "709751"]
[BlackFideId "750964"]
[EventDate "2014.05.23"]

1. e4 e5 2. Nf3 Nc6 3. Bb5 a6 4. Ba4 Nf6 5. O-O b5 6. Bb3 Be7 7. Re1 d6 8. c3
O-O 9. h3 Na5 10. Bc2 c5 11. d4 Qc7 12. Nbd2 Rd8 13. d5 c4 14. Nf1 Nb7 15. a4
Bd7 16. Be3 bxa4 17. N3d2 Nc5 18. Bxc5 Qxc5 19. Ne3 Bb5 20. Bxa4 Rdb8 21. Bc2 g6
22. Qe2 Nd7 23. Qg4 Nf6 24. Qf3 a5 25. Ra2 Ra7 26. Rea1 a4 27. g3 Rba8 28. Ra3
Qc8 29. Kg2 Nd7 30. h4 h5 31. Qe2 Bf8 32. Ndxc4 Bh6 33. Bd3 Bxe3 34. Nxe3 Bxd3
35. Qxd3 Nc5 36. Qc4 Qb8 37. R1a2 Kh7 38. Nc2 f5 39. exf5 gxf5 40. Qe2 Qe8 41.
b4 Ne4 42. c4 Qg6 43. Re3 Rf7 44. Ne1 Rg8 45. Rxa4 Nxf2 46. Qxf2 f4 47. Rf3 Qe4
48. Ra7 Rxa7 49. Qxa7+ Rg7 50. Qf2 Rxg3+ 51. Kh2 Rxf3 52. Nxf3 Qxc4 53. Ng5+ Kg6
54. Qg2 Qxb4 55. Qe4+ Qxe4 56. Nxe4 Kf5 57. Nxd6+ Kg4 58. Ne4 f3 59. d6 1-0

[Event "33rd Zalakaros Open 2014"]
[Site "Zalakaros HUN"]
[Date "2014.05.28"]
[Round "6.28"]
[White "Rigo, Janos"]
[Black "Szamoskozi, Gabor"]
[Result "1-0"]
[WhiteTitle "IM"]
[BlackTitle "FM"]
[WhiteElo "2266"]
[BlackElo "2358"]
[WhiteFideId "700371"]
[BlackFideId "719056"]
[EventDate "2014.05.23"]

1. e4 c5 2. Nf3 Nc6 3. Bb5 e6 4. c3 Nge7 5. O-O a6 6. Ba4 b5 7. Bc2 d5 8. a4 b4
9. d4 cxd4 10. Nxd4 Nxd4 11. cxd4 dxe4 12. Bxe4 Nd5 13. Nd2 Be7 14. Nc4 Bb7 15.
a5 O-O 16. Qd3 g6 17. Bh6 Re8 18. Nb6 Ra7 19. Bxd5 Bxd5 20. Rfc1 Bf8 21. Rc8 Qe7
22. Rxe8 Qxe8 23. Bf4 f6 24. Rc1 Bc6 25. Qc4 Bb5 26. Qb3 Qf7 27. Rc8 Kg7 28. h4
h6 29. Qg3 g5 30. Bd6 Bxd6 31. Qxd6 gxh4 32. Qd8 Kg6 33. Qd6 h5 34. Qf4 Bd3 35.
Qxh4 Bf5 36. Rc5 Kh7 37. d5 e5 38. Rc6 Kg7 39. Qxb4 Qg6 40. Rc3 Bg4 41. d6 Rf7
42. Rg3 Qb1+ 43. Kh2 f5 44. Qc3 1-0

[Event "33rd Zalakaros Open 2014"]
[Site "Zalakaros HUN"]
[Date "2014.05.28"]
[Round "6.29"]
[White "Juhasz, Barbara"]
[Black "Vajda, Szidonia"]
[Result "0-1"]
[WhiteTitle "WFM"]
[BlackTitle "IM"]
[WhiteElo "2161"]
[BlackElo "2352"]
[WhiteFideId "743585"]
[BlackFideId "723894"]
[EventDate "2014.05.23"]

1. d4 d5 2. Nc3 Nf6 3. Bg5 Nbd7 4. Nf3 h6 5. Bh4 e6 6. e3 Be7 7. Bd3 c5 8. O-O
O-O 9. Ne5 Nxe5 10. dxe5 Nd7 11. Bxe7 Qxe7 12. f4 c4 13. Be2 b6 14. Bf3 Bb7 15.
Qd4 Qc5 16. Ne2 f6 17. exf6 Rxf6 18. Rad1 Re8 19. Rfe1 Nb8 20. Kh1 Nc6 21. Qd2
b5 22. Nd4 Nxd4 23. exd4 Qd6 24. Re5 b4 25. Rde1 c3 26. bxc3 bxc3 27. Qxc3 Rxf4
28. Qe3 Rf6 29. c4 Qa6 30. cxd5 Ref8 31. dxe6 Rxf3 32. gxf3 Rxf3 33. d5 Rxe3 34.
R5xe3 Bxd5+ 35. Kg1 Kf8 36. e7+ Ke8 37. R3e2 Bc4 38. Rd2 Qg6+ 39. Kf2 Qf6+ 0-1

[Event "33rd Zalakaros Open 2014"]
[Site "Zalakaros HUN"]
[Date "2014.05.28"]
[Round "6.30"]
[White "Csonka, Attila Istvan"]
[Black "Kozak, Adam"]
[Result "1/2-1/2"]
[WhiteTitle "IM"]
[WhiteElo "2351"]
[BlackElo "2210"]
[WhiteFideId "716529"]
[BlackFideId "753246"]
[EventDate "2014.05.23"]

1. e4 e5 2. Nf3 Nc6 3. Bc4 Bc5 4. c3 Nf6 5. d3 O-O 6. O-O a6 7. Bb3 Ba7 8. h3 d6
9. Nbd2 Ne7 10. Re1 Ng6 11. Nf1 b5 12. Ng3 Re8 13. Nh2 Bb7 14. Ng4 h6 15. Nf5
Nxg4 16. Qxg4 Qf6 17. Be3 Bc5 18. a4 Kh8 19. Qh5 Bc6 20. g3 Bd7 21. h4 Bxe3 22.
fxe3 Be6 23. Rf1 Bxb3 24. Nxh6 Nf4 25. Nxf7+ Kg8 26. exf4 Bxf7 27. Qe2 Qg6 28.
Kh2 Qh5 29. Qg2 Qg4 30. Rf2 Bh5 31. f5 Bf7 32. Qh3 Qxh3+ 33. Kxh3 Bb3 34. a5 Kf8
35. g4 Bf7 36. h5 Ke7 37. Kh4 Rh8 38. Kg5 Rad8 39. Re1 Rh6 40. d4 c6 41. Rd2
Rhh8 42. dxe5 dxe5 43. Red1 Rxd2 44. Rxd2 Rh6 45. Rd1 Bb3 46. Rd2 Bc4 47. Kh4
Bf7 48. Kg5 Rh8 49. Rd1 Rb8 50. Rd2 Rh8 51. Rd1 Be8 52. Rd2 Rh6 53. Rd1 Bd7 54.
Kh4 Be8 55. Kg5 Rh7 56. Rd2 Bf7 57. Rd1 Rh6 58. Rd2 Ba2 59. Rd1 Bb3 60. Rd2 Bc4
61. Kh4 c5 62. g5 Rh8 63. g6 Bb3 64. Kg5 Bc4 65. Rh2 Bd3 66. Rh3 Bxe4 67. Re3
Bxf5 68. Kxf5 Rxh5+ 69. Kg4 Rh2 70. Rxe5+ Kd6 71. Rf5 Rg2+ 72. Kh5 Rh2+ 73. Kg5
Rg2+ 74. Kh5 Rh2+ 75. Kg5 Rg2+ 1/2-1/2